000 00552nam a2200193Ia 4500
005 20250508163329.0
008 008 250505s9999 xx 000 0 eng d
020 _a0-435-08205-1
037 _aTextual
040 _aFEDL
_beng
_cFEDL
041 _aeng
_2eng
084 _a374, SMI
_qFEDL
100 _aSmith Frank
245 0 _aEssays into literacy: Selected papers and some afterthoughts
260 _aLondon, UK
_bHeinemann Educational Books
_c1983
300 _aix,157p.
942 _cTEXL
_h374, SMI
999 _c1382367
_d1382367